Nghiên cứu các yếu tố tác động đến thu nhập của đồng bào Khmer trên địa bàn tỉnh Trà Vinh /

محفوظ في:
التفاصيل البيبلوغرافية
المؤلف الرئيسي: Nguyễn Hồng Hà.
التنسيق: مقال
اللغة:Vietnamese
الموضوعات:
الوسوم: إضافة وسم
لا توجد وسوم, كن أول من يضع وسما على هذه التسجيلة!
Thư viện lưu trữ: Thư viện Trường Đại học Đà Lạt
LEADER 00820nam a2200265 4500
001 DLU180188285
005 ##20181031
040 # # |a DLU  |b vie 
041 # # |a vie 
044 # # |a vn 
100 # # |a Nguyễn Hồng Hà. 
245 # # |a Nghiên cứu các yếu tố tác động đến thu nhập của đồng bào Khmer trên địa bàn tỉnh Trà Vinh /  |c Nguyễn Hồng Hà. 
653 # # |a Người Khmer 
653 # # |a Nghề nghiệp 
653 # # |a Thu nhập 
773 # # |t Nghiên cứu kinh tế  |g Số 5(468), 2017, tr. 92-97 
920 # # |a Phòng Tạp chí -- Trung tâm Thông tin - Thư viện Trường Đại học Đà Lạt 
994 # # |a DLU 
900 # # |a True 
911 # # |a Nguyễn Thị Thu Phương 
925 # # |a G 
926 # # |a A 
927 # # |a BB 
980 # # |a Thư viện Trường Đại học Đà Lạt